000 01252cam a22003617a 4500
003 CHAP
005 20220817044041.0
008 050930d1995 es r 00110 spa d
010 _a91021
011 _a91993
020 _a8420008761
035 _a102556
040 _cCHAP
082 0 4 _a636.085
_bM23Y 1995
100 0 0 _aMcDonald, Peter.
_973483
245 1 0 _aNutrición animal
_c/por P. McDonald [y otros]
250 _a5 ed.
260 _aZaragoza, Esp. :
_bAcribia,
_c1995.
300 _a576 p.
590 _aBATCH-UPD
_b10
_c20130109
_lUCH01
_h2313
590 _aBATCH-UPD
_b10
_c20130110
_lUCH01
_h1548
590 _aBATCH-UPD
_b10
_c20130410
_lUCH01
_h0946
590 _aBATCH-UPD
_b10
_c20130914
_lUCH01
_h1805
590 _aCONVERSION
_b10
_c20130109
_lUCH01
_h1350
650 1 4 _aAlimentos y alimentacion del ganado.
_94326
650 1 4 _aNutrición animal.
901 _aBK
905 _aLilia
942 _cLIBRO
949 _a636.085 M23Y 1995
_bBC
_cLIBRO
_d33724000964110
_eLIBRO
_fc.2
_gI.222836
_h107273
_i102556
_si
_t$925.00
949 _a636.085 M23Y 1995
_bBC
_cLIBRO
_d33724000964482
_eLIBRO
_gI.222838
_h107272
_i102556
_si
_t$925.00
949 _a636.085 M23Y 1995
_bBC
_cLIBRO
_d33724000964540
_eLIBRO
_fc.3
_gI.222837
_h107274
_i102556
_si
_t$925.00
999 _c91021
_d91021